| 000 | 00820nam a22002297a 4500 | ||
|---|---|---|---|
| 999 |
_c8186 _d8186 |
||
| 003 | AR-CdUCM | ||
| 008 | 190322b ||||| |||| 00| 0 spa d | ||
| 040 |
_aMUNICIPALIDAD PROVINCIAL DEL CUSCO _cBIBLIOTECA MUNICIPAL DEL CUSCO |
||
| 041 | _heng | ||
| 082 |
_a675 / _bR75 |
||
| 100 |
_aRogers, Allen _923078 |
||
| 245 | _aNuevos métodos modernos y prácticos de fabricación de cueros y pieles / | ||
| 260 |
_aBarcelona : _bOsso, |
||
| 300 |
_a239 páginas ; _c23 cm. |
||
| 505 | _aCueros para coreas -- Cueros para equipos y cinturones -- Cueros para viras -- Cueros para maletas, maletines y bolsos -- Cueros para automóviles ... | ||
| 650 |
_aIndustria y comercio _96100 |
||
| 650 |
_aCuero _923079 |
||
| 650 |
_aCurtido _923080 |
||
| 650 |
_aPeletería y pieles _923081 |
||
| 942 |
_2ddc _cLIBROS |
||
| 945 | _aacv | ||